Library Banner

Syed Mir Ali Hamdani = سید میر علی ہمدانی / (Record no. 134107)

MARC details
000 -LEADER
fixed length control field 00451nam a22001457a 4500
005 - DATE AND TIME OF LATEST TRANSACTION
control field 20240515121144.0
008 - FIXED-LENGTH DATA ELEMENTS--GENERAL INFORMATION
fixed length control field 240515b ||||| |||| 00| 0 eng d
040 ## - CATALOGING SOURCE
Transcribing agency PK-LaUMT
082 ## - DEWEY DECIMAL CLASSIFICATION NUMBER
Classification number APC 297.4092
Item number ASH-S
100 ## - MAIN ENTRY--PERSONAL NAME
Personal name Ashraf Zafar = اشرف ظفر
245 ## - TITLE STATEMENT
Title Syed Mir Ali Hamdani = سید میر علی ہمدانی /
Statement of responsibility, etc by Ashraf Zafar = اشرف ظفر
260 ## - PUBLICATION, DISTRIBUTION, ETC. (IMPRINT)
Place of publication, distribution, etc Dehli :
Name of publisher, distributor, etc Mahal Publications,
Date of publication, distribution, etc 1987
300 ## - PHYSICAL DESCRIPTION
Extent 328 p.
942 ## - ADDED ENTRY ELEMENTS (KOHA)
Koha item type Books
Holdings
Withdrawn status Lost status Damaged status Home library Current library Date acquired Full call number Barcode Date last seen Price effective from Koha item type
      UMT Main Campus UMT Main Campus 2024-05-15 APC 297.4092 ASH-S 146793 2024-05-15 2024-05-15 Books